MDQL
is popping MORE tags! Check the
thread
!
Quizzes
Events
Quiz Creation
Community
Videos
Private Events
Remove Ads
Sign In
Join for FREE
Feedback
Dark Mode
Quiz Categories
Sports
Geography
Music
Movies
Television
Just For Fun
Miscellaneous
History
Literature
Language
Science
Gaming
Entertainment
Religion
Holiday
For Kids
Quiz Lab
Recent
Popular Today
Quiz Kudos Today
Editor Picks
Curator Picks
Quizzes by...
Day
Popularity
Type
Ratings
Length
Year
Community
Subscriptions
Recent Discussions
Orange Saloon
Badges
Playlists
Quests
Create
Leaderboards
Showdown
Live 5
Trivia Bingo
Activity
Puzzle Library
Sporcle Events
Private Events
Virtual Trivia
Globe League
Become a Host
Pub Owners
SporcleCon
Opinionation
Our Games
Videos
Blog
Mobile Apps
Partnerships
Remove Ads and Go Orange
Feedback
Sports
Athletes
MLB
NBA
NHL
NFL
Soccer
Sports Teams
WWE
NCAA
Football
Premier League
Basketball
Baseball
Hockey
Golf
Tennis
Cricket
Rugby
Auto Racing
Olympics
World Cup
Sports
Athletes
MLB
NBA
NHL
NFL
Soccer
Sports Teams
WWE
NCAA
Football
Premier League
Basketball
Baseball
Hockey
Golf
Tennis
Cricket
Rugby
Auto Racing
Olympics
World Cup
Random Quiz
Search Sporcle
×
Quiz Lab
Quiz Lab
Sports
NBA
Type in answers that appear in a list
Type in answers that appear in a list
Classic
Best Score? Go Orange.
2013-14 NBA Stats Leaders Stats
Can you name the 2013-14 NBA Stats Leaders
By
VivaLosMets
10m
42 Questions
212 Plays
212 Plays
212 Plays
Comments
Comments
Give Quiz Kudos
Give Quiz Kudos
-
- Ratings
hide this ad
Replay
Link that replays current quiz
Next Quiz
Link to next quiz in quiz playlist
You Got
0%
They Got
Avg Score
72%
Avg Friend Score
Upgrade to see
Score Distribution
Jump to the score distribution portion of the page
Score
0/42
Timer
10:00
0
Plays Today
Hint
Answer
% Correct
Minutes Played
Kevin Durant
96.2%
Field Goals
Kevin Durant
96.2%
Field Goal Attempts
Kevin Durant
96.2%
Free Throws
Kevin Durant
96.2%
Free Throw Attempts
Kevin Durant
96.2%
Points
Kevin Durant
96.2%
Points Per Game
Kevin Durant
96.2%
Player Efficiancy Rating
Kevin Durant
96.2%
Usage Percent
Kevin Durant
96.2%
Offensive Win Shares
Kevin Durant
96.2%
Win Shares
Kevin Durant
96.2%
Win Shares Per 48 Minutes
Kevin Durant
96.2%
Assists Per Game
Chris Paul
89.6%
Steals Per Game
Chris Paul
89.6%
Assist Percent
Chris Paul
89.6%
3-
pt Field Goals
Stephen Curry
89.2%
3-
pt Field Goal Attempts
Stephen Curry
89.2%
Defensive Rebounds
DeAndre Jordan
84.4%
Total Rebounds
DeAndre Jordan
84.4%
Field Goal Percent
DeAndre Jordan
84.4%
Rebounds Per Game
DeAndre Jordan
84.4%
Hint
Answer
% Correct
Effective Field Goal Percent
DeAndre Jordan
84.4%
Defensive Rebound Percent
DeAndre Jordan
84.4%
Offensive Rebounds
Andre Drummond
60.8%
Personal Fouls
Andre Drummond
60.8%
Offensive Rebound Percent
Andre Drummond
60.8%
Total Rebound Percent
Andre Drummond
60.8%
Blocks
Serge Ibaka
60.4%
Defensive Rating
Joakim Noah
57.5%
Defensive Win Shares
Joakim Noah
57.5%
3-
pt Field Goal Percent
Kyle Korver
56.6%
Blocks Per Game
Anthony Davis
56.6%
True Shooting Percent
Kyle Korver
56.6%
Block Percent
Anthony Davis
56.6%
Minutes Per Game
Carmelo Anthony
56.1%
Assists
John Wall
55.7%
Turnovers
John Wall
55.7%
Steals
Ricky Rubio
42.5%
Steal Percent
Ricky Rubio
42.5%
Offensive Rating
Robin Lopez
27.4%
Free Throw Percent
Brian Roberts
9.4%
Turnover Percent
Kentavious Caldwell-Pope
3.8%
Quiz Playlist
Details
Report
Send in Message
Add To Playlist
Classic:
Type in answers that appear in a list
Last Updated: Feb 16, 2017
Quiz Scoreboard
CHALLENGE
Sign Up to Join the Scoreboard
Show All
Scores
Hide
Comments
May contain spoilers
Recently Published
Find the 'City' Movie
by crazypaving
Movies
60s
5x2 Blitz: Bands
by SL_Kpop136
Music
30s
Colored Red Africa Blitz
by spor1
Geography
30s
More to Explore
Quiz From the Vault
Featured Blog Post
14 Easter Pick-up Lines to Find Eggs With
hide this ad
You Might Also Like...
Tags
NBA Quiz
2013
2013-2014
2014
NBA Player
Stats Leaders
Today's Top Quizzes in Sports
Browse Sports
hide this ad
Today's Top Quizzes in NBA
Browse NBA
Top Contributed Quizzes in Sports
1
Players with Multiple 50 Home Run Seasons
2
Les entraîneurs de l'OM et du PSG au 21e siècle
3
Criteria MLB: Left Handed Sluggers
4
2022 World Cup Stars
5
Les meilleurs buteurs des matchs entre le PSG et l’OM
6
Who Hit More Homers?
7
Les joueurs passés par le PSG et l'OM
8
NBA Logic Puzzle 2.0
9
Top 10 NHL Goal Scorers of All Time
10
MLB Players with Two .350 Batting Average Seasons
Explore More
Trending Topics
Anime
Kpop
Marvel
Disney
Harry Potter
NBA
Crossword
Puzzle
NFL
Country
Song
The Office
Soccer
Pokémon
WWE
hide this ad
More By:
VivaLosMets
Quiz
Plays
Rating
Category
Featured
Created
NBA Most Career Playoff Points
57,496
4.79
Sports
Jun 3, 2014
All-NBA Team Appearances (2000's)
5,645
2.77
Sports
May 20, 2014
NBA Win Share Leaders By Draft Year (2000-present)
1,420
3.78
Sports
May 22, 2014
American Ninja Warrior Stage 3
729
4.75
Television
Sep 9, 2014
All Wildcat Species
479
4.25
Science
May 27, 2015
Go to Creator's Profile
Score Distribution
Quiz Creator Spotlight
VivaLosMets
Follow
Send a Message
Quizzes Created
-
Created Quiz Play Count
-
More By This Creator
Popular Quizzes Today
1
Colored Red Africa Blitz
2
Find the US States - No Outlines Minefield
3
Find the 'City' Movie
4
5x2 Blitz: Bands
5
The Countries of the World
6
Find the US States
7
US States
8
9x9 Crossword: Cartoon Network
More Sports Quizzes
2018-19 MLB offseason acquisitions
Curator's Pick
Trending Quizzes
Colored Red Europe Blitz I
Colored Red Europe Blitz II
Colored Red Africa Blitz II
Colored Red Africa Blitz III
Colored Red Europe Blitz III
Recently Updated
Godzilla Movies
pecheneg
Grab Bag: 4-10 Letters
pecheneg
2024 March Madness Bracket
pecheneg
Famous TV Couples
Peacemaker
Champions League XIs: Real Madrid
pecheneg
Largest US Cities 1790-2010
pecheneg
Rides in Walt Disney World
pecheneg
Most Oscar Losses (Acting)
pecheneg
Beyoncé Albums
pecheneg
Leaping Animals
pecheneg
Trending Topics
NBA
Kpop
Anime
Marvel
Crossword
Disney
Harry Potter
Soccer
Country
Pokémon
WWE
Puzzle
The Office
NFL
Song
Your Account Isn't Verified!
In order to create a playlist on Sporcle, you need to verify the email address you used during registration. Go to your
Sporcle Settings
to finish the process.
Report this User
Report this user for behavior that violates our
Community Guidelines
.
Details:
Send Report
Go to the Sporcle.com Mobile Site →
Comments